1 to 10 in Polynesian Languages - Statistics

General Stats
  • This quiz has been taken 107 times
  • The average score is 31 of 60
Answer Stats
Hint Answer % Correct
Maori 6 Ono
93%
Samoan 6 Ono
93%
Tongan 6 Ono
93%
Cook Island Maori 6 Ono
93%
Tahitian 6 Ono
93%
Maori 2 Rua
88%
Cook Island Maori 2 Rua
88%
Maori 3 Toru
86%
Cook Island Maori 3 Toru
86%
Tahitian 3 Toru
86%
Maori 5 Rima
84%
Cook Island Maori 5 Rima
84%
Maori 1 Tahi
83%
Maori 4 Whā
83%
Maori 8 Waru
75%
Maori 7 Whitu
75%
Samoan 5 Lima
72%
Maori 9 Iwa
71%
Samoan 4 Fa
70%
Tongan 4 Fa
70%
Samoan 2 Lua
68%
Maori 10 Tekau
67%
Samoan 3 Tolu
67%
Tongan 3 Tolu
67%
Samoan 7 Fitu
61%
Tongan 7 Fitu
61%
Samoan 1 Tasi
61%
Samoan 8 Valu
54%
Tongan 8 Valu
54%
Cook Island Maori 4 ‘ā
52%
Samoan 9 Iva
52%
Cook Island Maori 9 Iva
52%
Tahitian 9 Iva
52%
Samoan 10 Sefulu
39%
Cook Island Maori 1 Ta'i
38%
Hawaiian 2 'Elua
30%
Hawaiian 6 'Eono
30%
Tongan 2 Ua
30%
Cook Island Maori 8 Varu
30%
Hawaiian 5 'Elima
29%
Hawaiian 4 'Eha
28%
Hawaiian 3 'Ekolu
28%
Hawaiian 7 'Ehiku
26%
Hawaiian 9 'Eiwa
26%
Hawaiian 1 'Ekahi
26%
Hawaiian 8 'Ewalu
26%
Cook Island Maori 7 ‘itu
25%
Tongan 1 Taha
25%
Tongan 5 Nima
23%
Tahitian 7 Hitu
22%
Tongan 9 Hiva
22%
Hawaiian 10 'Umi
20%
Tahitian 8 Va'u
19%
Tahitian 10 'Ahuru
14%
Tongan 10 Hongofulu/Taha Noa
14%
Tahitian 5 Pae
13%
Tahitian 1 Ho’e
12%
Tahitian 4 Maha
12%
Tahitian 2 Piti
9%
Cook Island Maori 10 Ta’i nga’uru
9%
No matching quizzes found
Score Distribution
Percent of People with Each Score
Percentile by Number Answered
Your Score History
You have not taken this quiz